[Event "HUN-chT2 Charousek 0001"]
[Site "Hungary"]
[Date "2001.01.14"]
[Round "4"]
[White "Haag, Ervin"]
[Black "Barbero, Gerardo F"]
[Result "1/2-1/2"]
[WhiteElo "2331"]
[BlackElo "2448"]
[PlyCount "30"]
[EventDate "2000.11.26"]
[EventType "team"]
[EventRounds "11"]
[EventCountry "HUN"]
[SourceTitle "EXT 2007"]
[Source "ChessBase"]
[SourceDate "2006.11.23"]
[SourceVersion "1"]
[SourceVersionDate "2006.11.23"]
[SourceQuality "1"]
[WhiteTeam "Budapest Spartacus"]
[BlackTeam "Ajka Banyasz"]
[WhiteTeamCountry "HUN"]
[BlackTeamCountry "HUN"]

1. e4 e5 2. Nf3 Nc6 3. Nc3 Nf6 4. Bb5 d6 5. d4 Bd7 6. 0-0 Be7 7. Re1 exd4 8. Nxd4 0-0 9. h3 Re8 10. Bf1 Bf8 11. Bg5 h6 12. Bh4 g5 13. Bg3 Nxd4 14. Qxd4 Bg7 15. Qd3 Bc6 1/2-1/2

[Event "Budapest FS12 GM"]
[Site "Budapest"]
[Date "2000.12.09"]
[Round "7"]
[White "Czebe, Attila"]
[Black "Barbero, Gerardo F"]
[Result "1-0"]
[WhiteElo "2520"]
[BlackElo "2445"]
[PlyCount "79"]
[EventDate "2000.12.??"]
[EventType "tourn"]
[EventRounds "11"]
[EventCountry "HUN"]
[EventCategory "8"]
[SourceTitle "CBM 079 Extra"]
[Source "ChessBase"]
[SourceDate "2001.01.11"]
[SourceVersion "2"]
[SourceVersionDate "2001.01.25"]
[SourceQuality "1"]

1. e4 d6 2. d4 Nf6 3. Nc3 e5 4. dxe5 dxe5 5. Qxd8+ Kxd8 6. Bg5 c6 7. Bc4 Ke8 8. Nge2 Nbd7 9. 0-0 Be7 10. Bd2 b5 11. Bb3 Nc5 12. f4 Nfd7 13. fxe5 Nxe5 14. Bf4 Nxb3 15. axb3 Bc5+ 16. Kh1 f6 17. Bxe5 fxe5 18. Nc1 Rf8 19. Rxf8+ Bxf8 20. Nd3 Bd6 21. Nb1 Bg4 22. b4 Bd1 23. Na3 Be2 24. Nc1 Bh5 25. Nd3 Bg6 26. Kg1 Bxe4 27. Nc5 Bg6 28. Na6 Rd8 29. Re1 e4 30. c4 Bf4 31. cxb5 Bd2 32. Ra1 cxb5 33. Nxb5 Be3+ 34. Kf1 Rd2 35. Re1 Rf2+ 36. Kg1 Re2+ 37. Kf1 Rf2+ 38. Kg1 Bb6 39. Nc5 Rxb2 40. Nd4 1-0

[Event "Budapest FS12 GM"]
[Site "Budapest"]
[Date "2000.12.06"]
[Round "4"]
[White "Markus, Robert"]
[Black "Barbero, Gerardo F"]
[Result "1-0"]
[WhiteElo "2465"]
[BlackElo "2445"]
[PlyCount "123"]
[EventDate "2000.12.??"]
[EventType "tourn"]
[EventRounds "11"]
[EventCountry "HUN"]
[EventCategory "8"]
[SourceTitle "CBM 079 Extra"]
[Source "ChessBase"]
[SourceDate "2001.01.11"]
[SourceVersion "2"]
[SourceVersionDate "2001.01.25"]
[SourceQuality "1"]

1. d4 Nf6 2. c4 g6 3. Nc3 Bg7 4. e4 d6 5. f3 0-0 6. Be3 Nbd7 7. Nge2 c6 8. Qd2 a6 9. Ng3 b5 10. Be2 bxc4 11. Bxc4 d5 12. Bb3 dxe4 13. Ngxe4 Nb6 14. 0-0 a5 15. Nc5 Nfd5 16. Bh6 Nxc3 17. bxc3 a4 18. Bxg7 Kxg7 19. Bc2 e5 20. Rad1 exd4 21. Qxd4+ Qxd4+ 22. Rxd4 Ra5 23. Nxa4 c5 24. Rh4 Nd5 25. Re1 Bd7 26. Bb3 Bxa4 27. Bxd5 Rd8 28. c4 Rd7 29. Rhe4 Rda7 30. R1e2 Kf6 31. h4 h5 32. Rd2 Bd7 33. Ree2 Bf5 34. Bc6 Ra3 35. Rd6+ Be6 36. Bb5 Rxa2 37. Rxa2 Rxa2 38. Rc6 Ra5 39. Rc7 Ke5 40. Rxc5+ Kd4 41. Rc7 Ke3 42. Kh2 Kf2 43. Bd7 Bxd7 44. Rxd7 Ra4 45. Rxf7 Rxc4 46. f4 Ra4 47. Rf6 Rb4 48. Rxg6 Rxf4 49. Kh3 Rf8 50. Rg5 Rh8 51. g4 hxg4+ 52. Kxg4 Ke3 53. h5 Ke4 54. Ra5 Rg8+ 55. Kh4 Kf4 56. h6 Rg1 57. Kh5 Rh1+ 58. Kg6 Rg1+ 59. Kf6 Rh1 60. Ra4+ Ke3 61. Kg5 Kf3 62. Rh4 1-0

[Event "HUN-chT2 9900"]
[Site "Hungary"]
[Date "2000.03.26"]
[Round "10"]
[White "Pinter, Gabor"]
[Black "Barbero, Gerardo F"]
[Result "0-1"]
[WhiteElo "2332"]
[BlackElo "2458"]
[PlyCount "72"]
[EventDate "1999.09.26"]
[EventType "team-tourn"]
[EventRounds "11"]
[EventCountry "HUN"]
[SourceTitle "EXT 2002"]
[Source "ChessBase"]
[SourceDate "2001.11.25"]
[SourceVersion "1"]
[SourceVersionDate "2001.11.25"]
[SourceQuality "1"]

1. e4 c5 2. Nf3 d6 3. d3 Nc6 4. g3 g6 5. Bg2 Bg7 6. 0-0 e5 7. c3 Nge7 8. a3 a5 9. a4 0-0 10. Na3 h6 11. Nd2 Be6 12. Nb5 d5 13. exd5 Bxd5 14. Ne4 b6 15. Re1 Na7 16. Qe2 f5 17. Ned6 Bxg2 18. Kxg2 Nxb5 19. Nxb5 Qd7 20. d4 cxd4 21. cxd4 e4 22. Bf4 Nd5 23. Be5 Rac8 24. Rac1 Bxe5 25. dxe5 Nb4 26. Rxc8 Rxc8 27. Qe3 Nd3 28. Re2 Nxe5 29. Rd2 Nd3 30. Qxh6 Qe6 31. h4 f4 32. h5 Ne1+ 33. Kf1 Qh3+ 34. Ke2 Qg4+ 35. Kf1 Nf3 36. Rd1 Qh3+ 0-1

[Event "SUI-chT"]
[Site "Switzerland"]
[Date "2000.??.??"]
[Round "?"]
[White "Fioramonti, Hung"]
[Black "Barbero, Gerardo F"]
[Result "0-1"]
[WhiteElo "2384"]
[BlackElo "2448"]
[PlyCount "88"]
[EventDate "2000.02.??"]
[EventType "team-tourn"]
[EventRounds "9"]
[EventCountry "SUI"]
[SourceTitle "EXT 2001"]
[Source "ChessBase"]
[SourceDate "2000.11.22"]
[SourceVersion "1"]
[SourceVersionDate "2000.11.22"]
[SourceQuality "1"]

1. Nf3 Nf6 2. c4 e6 3. g3 a6 4. Nc3 d5 5. Bg2 dxc4 6. Ne5 Qd4 7. f4 Nbd7 8. Qa4 Rb8 9. Qxc4 c5 10. Qxd4 cxd4 11. Nxd7 Bxd7 12. Nd1 Nd5 13. Bxd5 exd5 14. b3 d3 15. exd3 Bf5 16. Ke2 Kd7 17. Ne3 Re8 18. Bb2 f6 19. Bd4 h5 20. Rac1 Ba3 21. Rc3 Bb4 22. Rcc1 Bg4+ 23. Kf2 Bxd2 24. Rc2 Bxe3+ 25. Bxe3 h4 26. Bb6 hxg3+ 27. Kxg3 Bf5 28. Rc7+ Kd6 29. Rxg7 Rh3+ 30. Kf2 Bxd3 31. Bc7+ Ke6 32. Rg3 Reh8 33. Re1+ Be4 34. Rxh3 Rxh3 35. Kg1 Rc3 36. Bb6 Rc2 37. a4 Kf5 38. Be3 Rg2+ 39. Kf1 Rxh2 40. Rc1 Bd3+ 41. Kg1 Re2 42. Bd4 Re4 43. Ba7 Rxf4 44. Rd1 Rg4+ 0-1

[Event "Bern Ambassador op"]
[Site "Bern"]
[Date "1999.12.28"]
[Round "4"]
[White "Barbero, Gerardo F"]
[Black "Jurek, Josef"]
[Result "0-1"]
[WhiteElo "2415"]
[BlackElo "2362"]
[PlyCount "80"]
[EventDate "1998.12.??"]
[EventType "swiss"]
[EventRounds "7"]
[EventCountry "SUI"]
[SourceTitle "EXT 2002"]
[Source "ChessBase"]
[SourceDate "2001.11.25"]
[SourceVersion "1"]
[SourceVersionDate "2001.11.25"]
[SourceQuality "1"]

1. d4 d5 2. c4 dxc4 3. e3 Nf6 4. Bxc4 e6 5. Nf3 c5 6. 0-0 Nc6 7. Qe2 cxd4 8. Rd1 Be7 9. exd4 0-0 10. Nc3 Na5 11. Bd3 b6 12. Bg5 Bb7 13. Ne5 Nd5 14. Bxe7 Qxe7 15. Nxd5 Bxd5 16. Bxh7+ Kxh7 17. Qh5+ Kg8 18. Rd3 g6 19. Qh6 Qf6 20. Ng4 Qg7 21. Qf4 f6 22. Nh6+ Kh7 23. Rh3 g5 24. Ng4+ Kg6 25. Qd2 Rh8 26. Qc2+ f5 27. Ne5+ Kf6 28. Rc3 Rae8 29. Rc1 Re7 30. Qa4 g4 31. Re1 Qh6 32. h3 Qd2 33. Rd1 Qxb2 34. Rg3 Qxa2 35. Qb4 Qc2 36. Re1 Nc6 37. Nxc6 Qxc6 38. Rc3 Qd7 39. hxg4 Reh7 40. g5+ Kg6 0-1

[Event "Lugano op"]
[Site "Lugano"]
[Date "1999.03.16"]
[Round "7"]
[White "Barbero, Gerardo F"]
[Black "Moor, Roger"]
[Result "1-0"]
[WhiteElo "2462"]
[BlackElo "2324"]
[PlyCount "33"]
[EventDate "1999.03.??"]
[EventType "swiss"]
[EventRounds "7"]
[EventCountry "SUI"]
[SourceTitle "EXT 2000"]
[Source "ChessBase"]
[SourceDate "1999.11.16"]
[SourceVersion "1"]
[SourceVersionDate "1999.11.16"]
[SourceQuality "1"]

1. d4 Nf6 2. c4 g6 3. Nc3 d5 4. Nf3 Bg7 5. Bf4 0-0 6. e3 c5 7. dxc5 Qa5 8. Rc1 dxc4 9. Bxc4 Qxc5 10. Bb3 Qa5 11. 0-0 Nc6 12. h3 Qa6 13. e4 Rd8 14. Qc2 Nb4 15. Bxf7+ Kxf7 16. Qb3+ Kf8 17. Ng5 1-0

[Event "Ceriano Laghetto op"]
[Site "Ceriano Laghetto"]
[Date "1999.??.??"]
[Round "2"]
[White "Barbero, Gerardo F"]
[Black "Barlocco, Carlo"]
[Result "1-0"]
[WhiteElo "2475"]
[BlackElo "2245"]
[PlyCount "29"]
[EventDate "1999.??.??"]
[EventType "swiss"]
[EventRounds "6"]
[EventCountry "ITA"]
[SourceTitle "EXT 2003"]
[Source "ChessBase"]
[SourceDate "2002.11.25"]
[SourceVersion "1"]
[SourceVersionDate "2002.11.25"]
[SourceQuality "1"]

1. c4 Nf6 2. d4 c6 3. Nf3 d5 4. Nc3 e6 5. e3 Bd6 6. Bd3 Nbd7 7. 0-0 0-0 8. e4 dxc4 9. Bxc4 e5 10. Bg5 h6 11. Bh4 b5 12. Bb3 b4 13. Na4 g5 14. Bg3 Nxe4 15. Qc2 1-0

[Event "Ceriano Laghetto op"]
[Site "Ceriano Laghetto"]
[Date "1999.??.??"]
[Round "6"]
[White "Barbero, Gerardo F"]
[Black "Cazzaniga, Walter"]
[Result "1/2-1/2"]
[WhiteElo "2475"]
[BlackElo "2150"]
[PlyCount "81"]
[EventDate "1999.??.??"]
[EventType "swiss"]
[EventRounds "6"]
[EventCountry "ITA"]
[SourceTitle "EXT 2003"]
[Source "ChessBase"]
[SourceDate "2002.11.25"]
[SourceVersion "1"]
[SourceVersionDate "2002.11.25"]
[SourceQuality "1"]

1. d4 Nf6 2. c4 g6 3. Nc3 Bg7 4. e4 d6 5. h3 0-0 6. Nf3 c5 7. d5 e6 8. Bd3 exd5 9. cxd5 b5 10. Nxb5 Nxe4 11. Bxe4 Re8 12. Ng5 Qa5+ 13. Nc3 Ba6 14. Kd2 h6 15. Ne6 fxe6 16. dxe6 d5 17. Bxd5 Nc6 18. e7+ Kh7 19. Bxc6 Rxe7 20. Bxa8 Bxc3+ 21. Kc2 Re2+ 22. Qxe2 Bxe2 23. bxc3 Qa4+ 24. Kd2 Bb5 25. Rb1 Qxa2+ 26. Rb2 Qc4 27. Rxb5 Qxb5 28. Be4 a5 29. Re1 Qc4 30. f4 a4 31. f5 Qa2+ 32. Ke3 gxf5 33. Bxf5+ Kg7 34. Bd2 a3 35. Rb1 Qd5 36. Be4 a2 37. Re1 Qb3 38. Ke2 Qb2 39. Bd5 a1Q 40. Rxa1 Qxa1 41. c4 1/2-1/2

[Event "Neuchatel op"]
[Site "Neuchatel"]
[Date "1999.??.??"]
[Round "7"]
[White "Barbero, Gerardo F"]
[Black "Conquest, Stuart"]
[Result "0-1"]
[WhiteElo "2460"]
[BlackElo "2475"]
[PlyCount "78"]
[EventDate "1999.05.??"]
[EventType "swiss"]
[EventRounds "7"]
[EventCountry "SUI"]
[SourceTitle "EXT 2007"]
[Source "ChessBase"]
[SourceDate "2006.11.23"]
[SourceVersion "1"]
[SourceVersionDate "2006.11.23"]
[SourceQuality "1"]

1. d4 Nf6 2. Nf3 e6 3. e3 b6 4. Bd3 Bb7 5. 0-0 g6 6. c4 Bg7 7. Nc3 c5 8. d5 exd5 9. cxd5 Nxd5 10. Nxd5 Bxd5 11. Bxg6 hxg6 12. Qxd5 Nc6 13. Rd1 Rh5 14. Qd3 d5 15. Rb1 Kf8 16. b3 Qd6 17. Bb2 Bxb2 18. Rxb2 Ne5 19. Qe2 Nxf3+ 20. Qxf3 Qxh2+ 21. Kf1 Rf5 22. Qg4 Re8 23. Ke2 d4 24. Rbd2 Rxf2+ 25. Kxf2 dxe3+ 26. Kf3 exd2 27. Rxd2 Qe5 28. Qf4 Qc3+ 29. Kf2 Kg7 30. Rd7 Qe1+ 31. Kf3 Qf1+ 32. Kg3 Qe1+ 33. Kf3 Qf1+ 34. Kg3 Qxf4+ 35. Kxf4 Re2 36. Rxa7 Rxg2 37. Ra6 Rf2+ 38. Ke5 g5 39. a4 g4 0-1

[Event "Ceriano Laghetto op"]
[Site "Ceriano Laghetto"]
[Date "1999.??.??"]
[Round "4"]
[White "Barbero, Gerardo F"]
[Black "Vancini, Edoardo"]
[Result "1-0"]
[WhiteElo "2475"]
[BlackElo "2245"]
[PlyCount "103"]
[EventDate "1999.??.??"]
[EventType "swiss"]
[EventRounds "6"]
[EventCountry "ITA"]
[SourceTitle "EXT 2003"]
[Source "ChessBase"]
[SourceDate "2002.11.25"]
[SourceVersion "1"]
[SourceVersionDate "2002.11.25"]
[SourceQuality "1"]

1. d4 d5 2. c4 c6 3. Nc3 e6 4. g3 f5 5. Nf3 Nf6 6. Bg2 Bd6 7. 0-0 0-0 8. Qc2 Qe8 9. b3 b6 10. Ne5 Bb7 11. cxd5 cxd5 12. Nc4 Be7 13. Bf4 Nc6 14. Nd6 Nxd4 15. Qd3 Qc6 16. Rac1 Bxd6 17. Nxd5 Qb5 18. Qxb5 Nxb5 19. Nxf6+ Rxf6 20. Bxb7 Rb8 21. Ba6 Bxf4 22. gxf4 Nd4 23. Rfd1 Rd8 24. Kf1 Rf7 25. Rd3 Rff8 26. Rc4 e5 27. fxe5 Ne6 28. Rc6 Nc5 29. Bc4+ Kh8 30. Rxd8 Rxd8 31. Bf7 g6 32. Rc7 Kg7 33. Be8+ Kf8 34. Bb5 a6 35. Bc4 Rd7 36. Rc8+ Ke7 37. b4 Ne4 38. Bxa6 Ra7 39. b5 Nc5 40. Rh8 Ke6 41. Rb8 Na4 42. f4 Kd5 43. Bb7+ Kc5 44. Ba6 Nc3 45. Rc8+ Kd4 46. e3+ Kd3 47. Rc6 Nd5 48. Kf2 Nxe3 49. Rxb6 Nd5 50. Rb7 Ra8 51. Rd7 Kc4 52. Rxd5 1-0

[Event "Teramo op"]
[Site "Teramo"]
[Date "1999.??.??"]
[Round "4"]
[White "Ferretti, Folco"]
[Black "Barbero, Gerardo F"]
[Result "1/2-1/2"]
[WhiteElo "2280"]
[BlackElo "2477"]
[PlyCount "72"]
[EventDate "1999.??.??"]
[EventType "swiss"]
[EventRounds "7"]
[EventCountry "ITA"]
[SourceTitle "EXT 2005"]
[Source "ChessBase"]
[SourceDate "2004.11.15"]
[SourceVersion "1"]
[SourceVersionDate "2004.11.15"]
[SourceQuality "1"]

1. e4 c5 2. c3 d6 3. d4 Nf6 4. Bd3 Nbd7 5. Nf3 Qc7 6. 0-0 g6 7. Bf4 e5 8. dxe5 dxe5 9. Be3 Bg7 10. h3 0-0 11. Nbd2 a6 12. a4 b6 13. b4 Bb7 14. Qb3 Rac8 15. Rfc1 cxb4 16. cxb4 Qxc1+ 17. Rxc1 Rxc1+ 18. Kh2 Rc7 19. Nc4 Nxe4 20. Nxb6 Nxb6 21. Bxb6 Rc3 22. Qb1 Nd6 23. Nd2 Bh6 24. Be3 Bxe3 25. fxe3 Rd8 26. Qf1 Nf5 27. Be4 Nxe3 28. Qf6 Rxd2 29. Bxb7 Rc1 30. Qxe5 Nf1+ 31. Kg1 Ng3+ 32. Kh2 Rd3 33. Qe8+ Kg7 34. Qe5+ Kg8 35. Qe8+ Kg7 36. Qe5+ Kg8 1/2-1/2

[Event "Bern Ambassador op"]
[Site "Bern"]
[Date "1998.12.27"]
[Round "2"]
[White "Cruceli, Salvatore"]
[Black "Barbero, Gerardo F"]
[Result "0-1"]
[WhiteElo "2100"]
[BlackElo "2415"]
[PlyCount "86"]
[EventDate "1998.12.??"]
[EventType "swiss"]
[EventRounds "7"]
[EventCountry "SUI"]
[SourceTitle "EXT 2000"]
[Source "ChessBase"]
[SourceDate "1999.11.16"]
[SourceVersion "1"]
[SourceVersionDate "1999.11.16"]
[SourceQuality "1"]

1. d4 Nf6 2. c4 c5 3. d5 d6 4. Nc3 g6 5. e4 Bg7 6. Nf3 0-0 7. Bd3 e6 8. 0-0 Na6 9. a3 Nc7 10. Re1 Re8 11. Bd2 a5 12. Rb1 e5 13. Qc2 Bg4 14. Be2 Nh5 15. g3 Rf8 16. Nh4 Bxe2 17. Nxe2 Qc8 18. f4 exf4 19. Nxf4 Nf6 20. Nd3 Re8 21. e5 dxe5 22. Nxc5 Ncxd5 23. cxd5 b6 24. d6 Qxc5+ 25. Qxc5 bxc5 26. Rbc1 Nd7 27. b4 axb4 28. axb4 Rec8 29. bxc5 Nxc5 30. Be3 Nd7 31. Rc7 Rxc7 32. dxc7 Rc8 33. Rc1 f6 34. Bd2 Kf7 35. Ng2 Bf8 36. Ba5 Bc5+ 37. Kf1 Ke6 38. Rd1 Bd4 39. Ne1 h5 40. Nf3 Bb6 41. Rxd7 Bxa5 42. Rg7 g5 43. Rh7 Kf5 0-1

[Event "SUI-chT"]
[Site "Switzerland"]
[Date "1998.11.08"]
[Round "9.2"]
[White "Barbero, Gerardo F"]
[Black "Pelletier, Yannick"]
[Result "1/2-1/2"]
[WhiteElo "2440"]
[BlackElo "2515"]
[PlyCount "58"]
[EventDate "1998.03.29"]
[EventType "team-tourn"]
[EventRounds "9"]
[EventCountry "SUI"]
[SourceTitle "EXT 2006"]
[Source "ChessBase"]
[SourceDate "2005.11.24"]
[SourceVersion "1"]
[SourceVersionDate "2005.11.24"]
[SourceQuality "1"]

1. d4 Nf6 2. Bg5 Ne4 3. Bf4 d5 4. Nd2 c5 5. Nxe4 dxe4 6. dxc5 Qa5+ 7. c3 Qxc5 8. Qa4+ Qc6 9. Qxc6+ Nxc6 10. e3 e5 11. Bg3 Be6 12. f3 exf3 13. Nxf3 f6 14. e4 Bc5 15. Bf2 Bxf2+ 16. Kxf2 Ke7 17. Be2 Rab8 18. Ne1 g6 19. Nd3 Rhd8 20. Rhd1 b6 21. g3 Rd6 22. Ke3 Rbd8 23. b3 Rc8 24. Rac1 Nd8 25. Nb2 Rxd1 26. Nxd1 Nf7 27. c4 Nd6 28. Nc3 f5 29. Bd3 Rf8 1/2-1/2

[Event "Budapest FS10 GM"]
[Site "Budapest"]
[Date "1998.10.12"]
[Round "10"]
[White "Borocz, Istvan"]
[Black "Barbero, Gerardo F"]
[Result "0-1"]
[WhiteElo "2360"]
[BlackElo "2415"]
[PlyCount "100"]
[EventDate "1998.10.03"]
[EventType "tourn"]
[EventRounds "13"]
[EventCountry "HUN"]
[EventCategory "8"]
[SourceTitle "EXT 1999"]
[Source "ChessBase"]
[SourceDate "1998.11.16"]
[SourceVersion "1"]
[SourceVersionDate "1998.11.16"]
[SourceQuality "1"]

1. e4 c5 2. Nf3 d6 3. d4 cxd4 4. Nxd4 Nf6 5. Nc3 g6 6. Be3 Bg7 7. f3 Nc6 8. Qd2 Bd7 9. 0-0-0 Rc8 10. g4 Ne5 11. h4 h5 12. g5 Nh7 13. f4 Nc4 14. Bxc4 Rxc4 15. f5 0-0 16. Rhf1 Be5 17. Nde2 Qa5 18. Bd4 Rfc8 19. Kb1 Bc6 20. fxg6 fxg6 21. Nd5 Qd8 22. Bxe5 dxe5 23. Nec3 Qe8 24. Qh2 Bxd5 25. exd5 Qd7 26. Qxe5 Qd6 27. Qe6+ Qxe6 28. dxe6 Nf8 29. Nd5 Re8 30. Nxe7+ Rxe7 31. Rd8 Kg7 32. Rdxf8 Rxh4 33. b3 Re4 34. R8f7+ Rxf7 35. Rxf7+ Kg8 36. Rf6 Kg7 37. Rf7+ Kg8 38. Rxb7 Rxe6 39. Rxa7 Re5 40. b4 Rxg5 41. a4 h4 42. b5 h3 43. b6 h2 44. b7 h1Q+ 45. Kb2 Qh8+ 46. Ka2 Qh2 47. Ra8+ Kh7 48. b8Q Qxc2+ 49. Ka3 Qc3+ 50. Qb3 Qc5+ 0-1

[Event "Budapest FS10 GM"]
[Site "Budapest"]
[Date "1998.10.09"]
[Round "7"]
[White "Berkovich, Mark A"]
[Black "Barbero, Gerardo F"]
[Result "1/2-1/2"]
[WhiteElo "2400"]
[BlackElo "2415"]
[PlyCount "99"]
[EventDate "1998.10.03"]
[EventType "tourn"]
[EventRounds "13"]
[EventCountry "HUN"]
[EventCategory "8"]
[SourceTitle "EXT 1999"]
[Source "ChessBase"]
[SourceDate "1998.11.16"]
[SourceVersion "1"]
[SourceVersionDate "1998.11.16"]
[SourceQuality "1"]

1. c4 g6 2. Nc3 Bg7 3. g3 c5 4. Bg2 Nc6 5. Nf3 e5 6. 0-0 d6 7. d3 Nge7 8. Rb1 0-0 9. a3 a5 10. Bd2 h6 11. Ne1 Rb8 12. Nc2 Be6 13. b4 axb4 14. axb4 cxb4 15. Nxb4 Nxb4 16. Rxb4 d5 17. cxd5 Nxd5 18. Rb5 Nxc3 19. Bxc3 Bd7 20. Rd5 Re8 21. Qa1 Qc7 22. Rc1 Bc6 23. Rc5 Qd6 24. Bb2 Bxg2 25. Kxg2 b5 26. Qa5 b4 27. Rd5 Qe6 28. e4 h5 29. h3 Rec8 30. Rc4 Rxc4 31. dxc4 Kh7 32. Rb5 Rc8 33. Rc5 b3 34. Rxc8 Qxc8 35. Qb5 Qa8 36. Qxb3 Qxe4+ 37. Kh2 h4 38. c5 hxg3+ 39. Qxg3 f6 40. Bc1 f5 41. Bg5 Qc2 42. Be7 f4 43. Qh4+ Kg8 44. Kg2 Qe4+ 45. f3 Qe2+ 46. Qf2 Qc4 47. Bd6 Kf7 48. Qh4 Qe2+ 49. Qf2 Qc4 50. Qh4 1/2-1/2

[Event "Karl Wagner Memorial 5th"]
[Site "Graz"]
[Date "1998.09.11"]
[Round "7.21"]
[White "Barbero, Gerardo F"]
[Black "Nickl, Klaus"]
[Result "1-0"]
[WhiteElo "2440"]
[BlackElo "2180"]
[PlyCount "59"]
[EventDate "1998.09.??"]
[EventType "swiss"]
[EventRounds "9"]
[EventCountry "AUT"]
[SourceTitle "EXT 1999"]
[Source "ChessBase"]
[SourceDate "1998.11.16"]
[SourceVersion "1"]
[SourceVersionDate "1998.11.16"]
[SourceQuality "1"]

1. d4 Nf6 2. c4 g6 3. Nc3 Bg7 4. e4 d6 5. Nf3 0-0 6. Be2 e5 7. 0-0 exd4 8. Nxd4 Re8 9. f3 Nc6 10. Be3 Nh5 11. f4 Nf6 12. Bf3 Bg4 13. Nde2 Bxf3 14. gxf3 Nh5 15. Qd2 Qc8 16. Nd5 Ne7 17. Rac1 f5 18. Ndc3 fxe4 19. fxe4 Qh3 20. Bd4 Nf6 21. Ng3 c5 22. Bxf6 Bxf6 23. Nb5 Red8 24. Kh1 h5 25. Nc7 Rab8 26. Nd5 Nxd5 27. Qxd5+ Kh7 28. Qf7+ Bg7 29. f5 gxf5 30. Rxf5 1-0

[Event "Karl Wagner Memorial 5th"]
[Site "Graz"]
[Date "1998.09.09"]
[Round "5.17"]
[White "Barbero, Gerardo F"]
[Black "Pilaj, Herwig"]
[Result "1-0"]
[WhiteElo "2440"]
[BlackElo "2215"]
[PlyCount "61"]
[EventDate "1998.09.??"]
[EventType "swiss"]
[EventRounds "9"]
[EventCountry "AUT"]
[SourceTitle "EXT 1999"]
[Source "ChessBase"]
[SourceDate "1998.11.16"]
[SourceVersion "1"]
[SourceVersionDate "1998.11.16"]
[SourceQuality "1"]

1. d4 Nf6 2. c4 c5 3. d5 b5 4. cxb5 a6 5. bxa6 Bxa6 6. Nc3 g6 7. Nf3 Bg7 8. g3 d6 9. Bg2 Nbd7 10. 0-0 Nb6 11. Re1 0-0 12. Bf4 Nh5 13. Bg5 h6 14. Bc1 Nf6 15. h3 Ra7 16. a3 Qb8 17. Rb1 Nfd7 18. Qc2 Qa8 19. Rd1 Bb7 20. e4 Kh7 21. b3 Ne5 22. Nxe5 Bxe5 23. Nb5 Ra5 24. a4 c4 25. Be3 Nd7 26. Qxc4 Ba6 27. Qc6 Bxb5 28. axb5 Nb8 29. Qc7 Rxb5 30. Qxe7 Na6 31. Bf1 1-0

[Event "Karl Wagner Memorial 5th"]
[Site "Graz"]
[Date "1998.09.08"]
[Round "4.13"]
[White "Ganaus, Hannes"]
[Black "Barbero, Gerardo F"]
[Result "1-0"]
[WhiteElo "2225"]
[BlackElo "2440"]
[PlyCount "75"]
[EventDate "1998.09.??"]
[EventType "swiss"]
[EventRounds "9"]
[EventCountry "AUT"]
[SourceTitle "EXT 1999"]
[Source "ChessBase"]
[SourceDate "1998.11.16"]
[SourceVersion "1"]
[SourceVersionDate "1998.11.16"]
[SourceQuality "1"]

1. d4 Nf6 2. c4 g6 3. Nc3 d5 4. cxd5 Nxd5 5. e4 Nxc3 6. bxc3 Bg7 7. Bb5+ c6 8. Ba4 0-0 9. Ne2 Nd7 10. 0-0 e5 11. Bb3 Qe7 12. d5 Nf6 13. d6 Qd8 14. Qd3 Bd7 15. Ng3 Qa5 16. h3 Rad8 17. Qf3 Qc5 18. Rd1 Be6 19. Be3 Qxc3 20. Rac1 Qb4 21. Bc5 Qa5 22. Bxe6 fxe6 23. Qb3 Rf7 24. Qxe6 Bh6 25. Be3 Bxe3 26. fxe3 Qa3 27. Rc2 Kg7 28. Qxe5 Qxe3+ 29. Kh2 Kg8 30. Re2 Qh6 31. Qe6 Kg7 32. e5 Nd5 33. Rxd5 cxd5 34. Qxd5 Qg5 35. Qd4 Qf4 36. Re4 Qf2 37. e6+ Qxd4 38. Rxd4 1-0

[Event "Karl Wagner Memorial 5th"]
[Site "Graz"]
[Date "1998.09.07"]
[Round "3.17"]
[White "Barbero, Gerardo F"]
[Black "Havlicek, Josef"]
[Result "1-0"]
[WhiteElo "2440"]
[BlackElo "2160"]
[PlyCount "61"]
[EventDate "1998.09.??"]
[EventType "swiss"]
[EventRounds "9"]
[EventCountry "AUT"]
[SourceTitle "EXT 1999"]
[Source "ChessBase"]
[SourceDate "1998.11.16"]
[SourceVersion "1"]
[SourceVersionDate "1998.11.16"]
[SourceQuality "1"]

1. d4 Nf6 2. c4 g6 3. Nc3 Bg7 4. e4 d6 5. h3 0-0 6. Bg5 c6 7. Nf3 h6 8. Be3 Nbd7 9. Bd3 e5 10. d5 c5 11. g4 a6 12. a3 b5 13. cxb5 axb5 14. Bxb5 Ba6 15. Nd2 Nb6 16. a4 Nc8 17. b3 Qa5 18. Bxa6 Rxa6 19. Rc1 Nb6 20. Kf1 Rc8 21. Nb5 Ne8 22. Kg2 Nd7 23. Nc4 Qd8 24. Qd3 Kh7 25. f4 exf4 26. Bxf4 Nf8 27. Rhf1 Kg8 28. Rce1 f6 29. Qg3 Rb8 30. Bxd6 Rxb5 31. Bxf8 1-0

[Event "SUI-chT"]
[Site "Switzerland"]
[Date "1998.09.06"]
[Round "5.3"]
[White "Barbero, Gerardo F"]
[Black "Loeffler, Markus"]
[Result "0-1"]
[WhiteElo "2440"]
[BlackElo "2350"]
[PlyCount "70"]
[EventDate "1998.03.29"]
[EventType "team-tourn"]
[EventRounds "9"]
[EventCountry "SUI"]
[SourceTitle "EXT 2006"]
[Source "ChessBase"]
[SourceDate "2005.11.24"]
[SourceVersion "1"]
[SourceVersionDate "2005.11.24"]
[SourceQuality "1"]

1. d4 Nf6 2. c4 g6 3. Nc3 d5 4. Nf3 Bg7 5. g3 0-0 6. Bg2 dxc4 7. Qa4 Nc6 8. Qxc4 Bg4 9. e3 Nd7 10. h3 Nb6 11. Qe2 Be6 12. b3 a5 13. Ng5 Bf5 14. g4 e5 15. Nxh7 Kxh7 16. gxf5 exd4 17. fxg6+ fxg6 18. Be4 Qh4 19. Rg1 dxc3 20. Rg4 Qe7 21. Ba3 Nb4 22. Bxg6+ Kg8 23. Bxb4 axb4 24. 0-0-0 c2 25. Qxc2 Qe5 26. Rdg1 Qa1+ 27. Qb1 Rxf2 28. Qxa1 Bxa1 29. Be4+ Kf7 30. Bxb7 Raxa2 31. Be4 Bc3 32. Bg6+ Ke7 33. Bb1 Rad2 34. Be4 Nd5 35. Rg8 Bb2+ 0-1